000 00505nam a2200169Ia 4500
008 210719s1986 xx 000 0 und d
020 _a0074518860
041 _aeng
082 _a658.15 PRAF
100 _aPRASANNA CHANDRA
245 _aFinancial management: theory and practice
260 _aNew Delhi.
_bTata McGraw-Hill Publishing Company Ltd.
_c1986
300 _axvi,800
_bPB
365 _b69
_cRs
650 _aFinancial Management
906 _aand ; Financial ; management: ; practice ; theory
999 _c212318
_d212318